000 00651nam a22001937a 4500
999 _c169962
_d169962
005 20191213160749.0
010 _aA-420107
020 _c48.00
035 _aA-420107
037 _bBPPD/Pub.
082 _a613
100 _aسےید غولام رسول شاہ گلانی
245 _aفیترت اور صیحت /
_cسےید غولام رسول شاہ گلانی
246 _aFItrat aur Sehat (Urdu) /
_bby Sayyed Ghulam Rasool Shah Gilani
260 _aLahore
_bAlfaizal Nashran Watajran qutub
270 _aNazar Kamyab Daak Khana, Urdu Bazar
_bLahore
300 _a222p.
_c20cm(Hb)
942 _2ddc
_cUR
_h613
_m‏غ ل ا